000
00284nam a22001217a 4500
082
_a
894.812
_b
MRI/A
100
_a
MRIDANANDASWAMI
245
_a
ITHAREYOPANISHATH
260
_a
THRICHUR
_b
SREERAMAKRISHNA MADAM
_c
1992
300
_a
64
650
_a
GENERAL KNOWLEDGE
_z
KERALA
942
_c
BK
999
_c
1040
_d
1040